[Event "GER-chT U20 Girls"]
[White "Kosovska, Olena"]
[Black "Zikeli, Julia"]
[Site "Magdeburg"]
[Round "4.3"]
[Result "1-0"]
[Date "2010.12.28"]
[WhiteElo "1773"]
[BlackElo "1678"]
[PlyCount "61"]
[EventDate "2010.12.27"]
[EventType "team-swiss"]
[EventRounds "7"]
[EventCountry "GER"]
[SourceTitle "CBM 140 Extra"]
[Source "ChessBase"]
[SourceDate "2011.03.01"]
[SourceVersion "1"]
[SourceVersionDate "2011.03.01"]
[SourceQuality "1"]
[WhiteTeam "Dresden Gruen Weiss"]
[BlackTeam "Ingersheim"]
[WhiteTeamCountry "GER"]
[BlackTeamCountry "GER"]

1. c4 Nf6 2. Nc3 g6 3. g3 Bg7 4. Bg2 d6 5. e3 c5 6. Nge2 0-0 7. 0-0 Nbd7 8. b3 Re8 9. Bb2 Nf8 10. Qc2 h5 11. d4 cxd4 12. exd4 Bf5 13. Qd2 Qd7 14. Rfe1 Bh3 15. Bh1 Ne6 16. Nd5 Kh7 17. Nxf6+ Bxf6 18. Rad1 Ng5 19. f3 Kg7 20. Nf4 Bf5 21. Nd5 Nh3+ 22. Kf1 Bg5 23. f4 Bh6 24. Ne3 Rab8 25. d5+ f6 26. Bf3 g5 27. Bxh5 Rh8 28. Nxf5+ Qxf5 29. Rxe7+ Kg8 30. Qe2 Bg7 31. Bg4 1-0

[Event "GER-chT U20 Girls"]
[White "Sturm, Johanna"]
[Black "Zikeli, Julia"]
[Site "Magdeburg"]
[Round "1.3"]
[Result "0-1"]
[Date "2010.12.27"]
[WhiteElo "1441"]
[BlackElo "1678"]
[PlyCount "102"]
[EventDate "2010.12.27"]
[EventType "team-swiss"]
[EventRounds "7"]
[EventCountry "GER"]
[SourceTitle "CBM 140 Extra"]
[Source "ChessBase"]
[SourceDate "2011.03.01"]
[SourceVersion "1"]
[SourceVersionDate "2011.03.01"]
[SourceQuality "1"]
[WhiteTeam "Fritzdorf"]
[BlackTeam "Ingersheim"]
[WhiteTeamCountry "GER"]
[BlackTeamCountry "GER"]

1. e4 c5 2. Nc3 d6 3. g3 Nf6 4. Bg2 Nbd7 5. d3 e6 6. Nge2 Be7 7. 0-0 Rb8 8. Be3 b5 9. a3 a6 10. Qc1 Bb7 11. Nd1 Nb6 12. f4 c4 13. Nf2 Rc8 14. Qd1 Na4 15. Rb1 d5 16. e5 Nd7 17. d4 c3 18. Nd3 cxb2 19. Nxb2 Nxb2 20. Rxb2 Bxa3 21. Rb1 Nb6 22. Bc1 Nc4 23. Bxa3 Nxa3 24. Rc1 0-0 25. Qd3 Nc4 26. Rf2 a5 27. Nc3 Ba6 28. Bf1 a4 29. Na2 Qa5 30. Rb1 Ra8 31. Nb4 Bb7 32. c3 Rfc8 33. Ra2 Rc7 34. Rc1 Bc8 35. Qf3 Bd7 36. Rb1 Rac8 37. Bxc4 Rxc4 38. Rc2 Qc7 39. Rbc1 Ra8 40. Qd3 a3 41. Ra1 Ra4 42. Rac1 Be8 43. Na2 f6 44. Re2 b4 45. Qc2 bxc3 46. Qb3 Qa7 47. Rxc3 Qxd4+ 48. Rce3 Qc5 49. Nc3 Rab4 50. Qxa3 d4 51. Na2 Rb1+ 0-1

[Event "Nuremberg Zabo op 12th"]
[White "Tong, Kevin"]
[Black "Zikeli, Julia"]
[Site "Nuremberg"]
[Round "2"]
[Result "0-1"]
[Date "2010.09.18"]
[WhiteElo "1261"]
[BlackElo "1678"]
[PlyCount "104"]
[EventDate "2010.09.17"]
[EventType "swiss"]
[EventRounds "5"]
[EventCountry "GER"]
[SourceTitle "EXT 2011"]
[Source "ChessBase"]
[SourceDate "2010.11.26"]
[SourceVersion "1"]
[SourceVersionDate "2010.11.26"]
[SourceQuality "1"]

1. e4 c5 2. Nf3 d6 3. d4 cxd4 4. Nxd4 Nf6 5. Nc3 a6 6. Bc4 e6 7. Bb3 b5 8. a3 e5 9. Nde2 Bb7 10. Ng3 Nbd7 11. Be3 Nb6 12. 0-0 Rc8 13. f3 Nc4 14. Bxc4 Rxc4 15. Qe2 h5 16. Rad1 h4 17. Nh1 Nh5 18. Rd2 g5 19. a4 Bc6 20. axb5 axb5 21. Ra1 Nf4 22. Qf1 Rg8 23. Rdd1 g4 24. Bxf4 exf4 25. Nd5 gxf3 26. Qxf3 Rxc2 27. Nf2 Bd7 28. Qxf4 Bg7 29. Rac1 Be5 30. Qf3 Rxc1 31. Rxc1 Bxb2 32. Rc2 Bd4 33. Kh1 Qa5 34. Rc1 Qd2 35. Rf1 b4 36. Nf6+ Bxf6 37. Qxf6 h3 38. g3 Bc6 39. Qf5 Bd7 40. Qf3 Be6 41. Rd1 Qc2 42. Rxd6 b3 43. Qf6 Qc7 44. Rd1 Qb6 45. Rd2 Rg6 46. Qc3 Ke7 47. Nd1 Rf6 48. Qd3 Qc7 49. Rf2 Rxf2 50. Nxf2 Qc1+ 51. Qd1 b2 52. Qxc1 bxc1Q+ 0-1

[Event "Nuremberg LGA Cup 7th"]
[White "Henrichs, Wenke"]
[Black "Zikeli, Julia"]
[Site "Nuremberg"]
[Round "6"]
[Result "1-0"]
[Date "2010.09.05"]
[WhiteElo "1966"]
[BlackElo "1658"]
[PlyCount "103"]
[EventDate "2010.09.02"]
[EventType "swiss"]
[EventRounds "7"]
[EventCountry "GER"]
[SourceTitle "CBM 138 Extra"]
[Source "ChessBase"]
[SourceDate "2010.10.29"]
[SourceVersion "1"]
[SourceVersionDate "2010.10.29"]
[SourceQuality "1"]

1. d4 Nf6 2. c4 g6 3. Nc3 Bg7 4. e4 d6 5. f3 0-0 6. Be3 e5 7. d5 Ne8 8. Bd3 f5 9. Qd2 f4 10. Bf2 Nf6 11. Nge2 g5 12. c5 Nbd7 13. cxd6 cxd6 14. h3 a6 15. b4 Nb6 16. a4 Bd7 17. a5 Nc8 18. Nc1 h5 19. Nb3 g4 20. hxg4 hxg4 21. b5 Kf7 22. Qe2 axb5 23. Bxb5 Bxb5 24. Qxb5 Qe7 25. Ra4 Na7 26. Bxa7 Rxa7 27. Rc4 gxf3 28. gxf3 Rh8 29. Rxh8 Bxh8 30. Qb6 Ra6 31. Qc7 Ne8 32. Qc8 Bf6 33. Rb4 Bh4+ 34. Ke2 Kf8 35. Rxb7 Qg5 36. Qe6 Qg2+ 37. Kd3 Qxf3+ 38. Kc4 Qh5 39. Kb5 Ra8 40. a6 Bd8 41. Qd7 Nc7+ 42. Kc4 Qg6 43. a7 f3 44. Nd2 Qf6 45. Rxc7 Bxc7 46. Qxc7 f2 47. Qb8+ Qd8 48. Qxd8+ Rxd8 49. Nb5 Ra8 50. Kb4 Ke7 51. Ka5 Kd7 52. Kb6 1-0

[Event "Stuttgart-chB int"]
[White "Zikeli, Julia"]
[Black "Hua, Qi Cheng"]
[Site "Ditzingen"]
[Round "6"]
[Result "1/2-1/2"]
[Date "2010.05.15"]
[WhiteElo "1848"]
[BlackElo "1656"]
[PlyCount "64"]
[EventDate "2010.05.13"]
[EventType "swiss"]
[EventRounds "7"]
[EventCountry "GER"]
[SourceTitle "EXT 2018"]
[Source "ChessBase"]
[SourceDate "2017.10.13"]
[SourceVersion "1"]
[SourceVersionDate "2017.10.13"]
[SourceQuality "1"]

1. e4 c6 2. Nf3 d5 3. Nc3 dxe4 4. Nxe4 Bf5 5. Ng3 Bg6 6. d4 e6 7. c3 Nd7 8. Bf4 Ngf6 9. Bd3 Bxd3 10. Qxd3 Be7 11. c4 Qa5+ 12. Nd2 Rd8 13. 0-0 0-0 14. Nb3 Qb6 15. c5 Qb4 16. Bd2 Qa4 17. Na5 Nxc5 18. Qe2 Qxd4 19. Be3 Qd3 20. Bxc5 Qxe2 21. Nxe2 Bxc5 22. Nxb7 Rd2 23. Nxc5 Rxe2 24. Na4 Rd8 25. Rac1 Rd6 26. Rc5 Kf8 27. Ra5 Rd7 28. a3 Ne4 29. Ra6 Rdd2 30. Nc3 Rxf2 31. Rxf2 Nxf2 32. b4 e5 1/2-1/2

[Event "Stuttgart-chB int"]
[White "Zacke, Tim"]
[Black "Zikeli, Julia"]
[Site "Ditzingen"]
[Round "3"]
[Result "1/2-1/2"]
[Date "2010.05.14"]
[WhiteElo "1736"]
[BlackElo "1848"]
[PlyCount "141"]
[EventDate "2010.05.13"]
[EventType "swiss"]
[EventRounds "7"]
[EventCountry "GER"]
[SourceTitle "EXT 2018"]
[Source "ChessBase"]
[SourceDate "2017.10.13"]
[SourceVersion "1"]
[SourceVersionDate "2017.10.13"]
[SourceQuality "1"]

1. e4 c5 2. Nf3 d6 3. d4 cxd4 4. Nxd4 Nf6 5. f3 e5 6. Nb3 Be6 7. Be3 d5 8. exd5 Nxd5 9. Bb5+ Nd7 10. Bf2 Nf4 11. 0-0 Qg5 12. Bg3 Rd8 13. Nc3 a6 14. Ne4 Qe7 15. Bxf4 exf4 16. Bxd7+ Rxd7 17. Qe2 Rc7 18. Rad1 Qb4 19. Rd4 Qb6 20. Kh1 Be7 21. Qd2 0-0 22. Nc3 Bf6 23. Rd6 Qe3 24. Nd1 Qxd2 25. Rxd2 Rfc8 26. c3 Bh4 27. Nf2 Rd7 28. Rxd7 Bxd7 29. Ne4 Bb5 30. Rd1 f5 31. Nec5 b6 32. Ne6 Bc4 33. Nxf4 Bg5 34. Nh3 Be3 35. g3 a5 36. Re1 Re8 37. Nd4 Bf7 38. Nxf5 Bd2 39. Rxe8+ Bxe8 40. Kg2 Bf7 41. a3 Bc1 42. Nd6 Bb3 43. Nf4 Bxb2 44. Nb5 Ba4 45. Nd3 Ba1 46. c4 Bc2 47. Nf2 Bb3 48. Nd6 Bb2 49. Nc8 Bd4 50. Nd6 Bc5 51. Nfe4 Bxa3 52. Nc8 Bxc4 53. Nxb6 Bb5 54. Nc3 Be8 55. Nc4 Bb4 56. Nd5 Bf7 57. Nxb4 axb4 58. Nb2 Kf8 59. Kf2 Ke7 60. Ke3 Kd6 61. Kd4 Kc6 62. g4 g5 63. Ke5 Bd5 64. f4 gxf4 65. Kxf4 Kc5 66. Nd3+ Kc4 67. Nxb4 Kxb4 68. Kg5 Kc5 69. Kh6 Be4 70. h4 Kd6 71. h5 1/2-1/2

[Event "Stuttgart-chB int"]
[White "Zikeli, Julia"]
[Black "Lebeda, Lukas"]
[Site "Ditzingen"]
[Round "4"]
[Result "1-0"]
[Date "2010.05.14"]
[WhiteElo "1848"]
[BlackElo "1686"]
[PlyCount "47"]
[EventDate "2010.05.13"]
[EventType "swiss"]
[EventRounds "7"]
[EventCountry "GER"]
[SourceTitle "EXT 2018"]
[Source "ChessBase"]
[SourceDate "2017.10.13"]
[SourceVersion "1"]
[SourceVersionDate "2017.10.13"]
[SourceQuality "1"]

1. e4 c5 2. Nf3 g6 3. d4 cxd4 4. Nxd4 Bg7 5. Bc4 Nc6 6. Be3 Nf6 7. Nc3 0-0 8. f3 a6 9. Qd2 Qc7 10. Bb3 Rd8 11. 0-0-0 b5 12. g4 Bb7 13. h4 Na5 14. h5 Nxb3+ 15. axb3 d5 16. hxg6 hxg6 17. e5 Qxe5 18. Bf4 Ne4 19. fxe4 Qxd4 20. Qh2 Qf6 21. e5 Qe6 22. Qh7+ Kf8 23. Bh6 Qxe5 24. Qh8# 1-0

[Event "Stuttgart-chB int"]
[White "Haefele, Torsten"]
[Black "Zikeli, Julia"]
[Site "Ditzingen"]
[Round "6"]
[Result "1/2-1/2"]
[Date "2009.05.23"]
[WhiteElo "1586"]
[BlackElo "1844"]
[PlyCount "41"]
[EventDate "2009.05.21"]
[EventType "swiss"]
[EventRounds "7"]
[EventCountry "GER"]
[SourceTitle "EXT 2018"]
[Source "ChessBase"]
[SourceDate "2017.10.13"]
[SourceVersion "1"]
[SourceVersionDate "2017.10.13"]
[SourceQuality "1"]

1. e4 c5 2. Nf3 d6 3. d4 cxd4 4. Nxd4 Nf6 5. Nc3 a6 6. Be2 e5 7. Nb3 Be6 8. Bg5 Be7 9. Bxf6 Bxf6 10. Nd5 Bxd5 11. Qxd5 Qc7 12. 0-0 0-0 13. c3 Nd7 14. Rad1 Be7 15. Na5 Rab8 16. Nc4 Nf6 17. Qd3 Rfd8 18. Ne3 Qc6 19. Nd5 Nxd5 20. Qxd5 Qb6 21. Bc4 1/2-1/2

[Event "Stuttgart-chB int"]
[White "Schaefer Siebert, Carsten"]
[Black "Zikeli, Julia"]
[Site "Ditzingen"]
[Round "4"]
[Result "0-1"]
[Date "2009.05.22"]
[WhiteElo "1596"]
[BlackElo "1844"]
[PlyCount "64"]
[EventDate "2009.05.21"]
[EventType "swiss"]
[EventRounds "7"]
[EventCountry "GER"]
[SourceTitle "EXT 2018"]
[Source "ChessBase"]
[SourceDate "2017.10.13"]
[SourceVersion "1"]
[SourceVersionDate "2017.10.13"]
[SourceQuality "1"]

1. f4 d5 2. Nf3 Nf6 3. e3 c5 4. b3 Nc6 5. Bb2 e6 6. Be2 Be7 7. 0-0 a6 8. h3 h5 9. Ne5 h4 10. d3 d4 11. Nxc6 bxc6 12. e4 Qc7 13. Qe1 e5 14. fxe5 Qxe5 15. Nd2 Qc7 16. Bc1 Bd6 17. Nf3 Bg3 18. Qd1 Nh7 19. Bd2 Be6 20. Be1 0-0-0 21. Nxh4 Ng5 22. Nf5 Bh2+ 23. Kh1 g6 24. Qd2 Nxh3 25. gxh3 Rxh3 26. Kg2 Rdh8 27. Bg4 Bxf5 28. Bxf5+ gxf5 29. Qg5 R3h5 30. Qg7 Be5 31. Bg3 Bxg3 32. Qxg3 Rh2+ 0-1

[Event "Stuttgart-chB int"]
[White "Belzner, Jonas"]
[Black "Zikeli, Julia"]
[Site "Gerlingen"]
[Round "3"]
[Result "1/2-1/2"]
[Date "2007.05.18"]
[WhiteElo "1591"]
[BlackElo "1786"]
[PlyCount "95"]
[EventDate "2007.05.17"]
[EventType "swiss"]
[EventRounds "7"]
[EventCountry "GER"]
[SourceTitle "EXT 2018"]
[Source "ChessBase"]
[SourceDate "2017.10.13"]
[SourceVersion "1"]
[SourceVersionDate "2017.10.13"]
[SourceQuality "1"]

1. d4 Nf6 2. Nf3 g6 3. c4 Bg7 4. Nc3 0-0 5. g3 d6 6. Bg2 Nbd7 7. 0-0 Re8 8. h3 Rb8 9. Qd3 e5 10. e4 exd4 11. Nxd4 Nc5 12. Qe3 Nfxe4 13. Nxe4 f5 14. f3 fxe4 15. fxe4 Qe7 16. Re1 a6 17. Rb1 Qe5 18. Nb3 Nxb3 19. Qxb3 Be6 20. Qd3 Qd4+ 21. Qxd4 Bxd4+ 22. Be3 Be5 23. Kh2 Bxc4 24. Rbc1 Bxa2 25. Rxc7 d5 26. Rc2 Bb3 27. Rce2 dxe4 28. Bc5 Rbc8 29. Ba3 Rc2 30. Bxe4 Rxe2+ 31. Rxe2 Bc4 32. Re1 Kg7 33. Kg2 Bd4 34. Rc1 b5 35. Bf3 a5 36. Rd1 Bf6 37. Rc1 Bf7 38. b4 axb4 39. Bxb4 Bc4 40. Rd1 Rd8 41. Re1 Kf7 42. Bc6 Bd5+ 43. Bxd5+ Rxd5 44. Rc1 Rd4 45. Rc7+ Ke6 46. Rc6+ Kf7 47. Rc7+ Ke8 48. Bc3 1/2-1/2

[Event "Stuttgart-chB int"]
[White "Zikeli, Julia"]
[Black "Abied, Mobin"]
[Site "Ditzingen"]
[Round "3"]
[Result "1-0"]
[Date "2006.05.26"]
[WhiteElo "1768"]
[BlackElo "1416"]
[PlyCount "39"]
[EventDate "2006.05.25"]
[EventType "swiss"]
[EventRounds "7"]
[EventCountry "GER"]
[SourceTitle "EXT 2018"]
[Source "ChessBase"]
[SourceDate "2017.10.13"]
[SourceVersion "1"]
[SourceVersionDate "2017.10.13"]
[SourceQuality "1"]

1. e4 c5 2. Nf3 e6 3. d4 cxd4 4. Nxd4 a6 5. Nc3 Qc7 6. Be2 Bc5 7. 0-0 Ne7 8. Be3 0-0 9. a3 e5 10. Nf5 Nxf5 11. Bxc5 Qxc5 12. exf5 f6 13. Ne4 Qc7 14. Qd5+ Kh8 15. Nd6 g5 16. fxg6 hxg6 17. Bd3 Kg7 18. Qe4 f5 19. Qxe5+ Kh7 20. Qe7+ 1-0

[Event "Stuttgart-chB int"]
[White "Kuehnel, Lena"]
[Black "Zikeli, Julia"]
[Site "Ditzingen"]
[Round "2"]
[Result "0-1"]
[Date "2006.05.25"]
[WhiteElo "1243"]
[BlackElo "1768"]
[PlyCount "92"]
[EventDate "2006.05.25"]
[EventType "swiss"]
[EventRounds "7"]
[EventCountry "GER"]
[SourceTitle "EXT 2018"]
[Source "ChessBase"]
[SourceDate "2017.10.13"]
[SourceVersion "1"]
[SourceVersionDate "2017.10.13"]
[SourceQuality "1"]

1. e4 c5 2. Nf3 d6 3. d4 cxd4 4. Nxd4 Nf6 5. Nc3 a6 6. Be3 e5 7. Nb3 Be7 8. f3 Be6 9. g4 h6 10. Qd2 Nc6 11. Nd5 Bxd5 12. exd5 Nb8 13. h4 Nbd7 14. c4 e4 15. fxe4 Nxe4 16. Qd4 Bxh4+ 17. Kd1 Ng3 18. Rg1 Bf6 19. Qf4 Nxf1 20. Rxf1 Qe7 21. Re1 Be5 22. Qf5 Qf6 23. Qxf6 Nxf6 24. g5 hxg5 25. Bxg5 Kd7 26. Rb1 b6 27. Nd2 Rh5 28. Be3 Kc7 29. Nf3 Re8 30. Nxe5 Rhxe5 31. Bd2 Rxe1+ 32. Bxe1 Ng4 33. b3 f5 34. Bc3 g5 35. Kd2 Ne5 36. Rh1 Re7 37. Rh5 Rg7 38. Ke3 Re7 39. Kf2 Nd3+ 40. Kg3 Re3+ 41. Kh2 Nf4 42. Bf6 Nxh5 43. Bxg5 Re2+ 44. Kg1 f4 45. Kf1 Ng3+ 46. Kg1 f3 0-1

[Event "Stuttgart-chB int"]
[White "Zikeli, Julia"]
[Black "Baumeister, Juergen"]
[Site "Ditzingen"]
[Round "3"]
[Result "1/2-1/2"]
[Date "2005.05.06"]
[WhiteElo "1447"]
[BlackElo "1747"]
[PlyCount "104"]
[EventDate "2005.05.05"]
[EventType "swiss"]
[EventRounds "7"]
[EventCountry "GER"]
[SourceTitle "EXT 2018"]
[Source "ChessBase"]
[SourceDate "2017.10.13"]
[SourceVersion "1"]
[SourceVersionDate "2017.10.13"]
[SourceQuality "1"]

1. e4 Nf6 2. e5 Nd5 3. c4 Nb6 4. d4 d6 5. f4 Bf5 6. Nf3 dxe5 7. fxe5 e6 8. Be2 c5 9. Be3 cxd4 10. Nxd4 Bxb1 11. Rxb1 Bb4+ 12. Kf1 Qc7 13. Bf4 a6 14. a3 Bc5 15. b4 Be7 16. Rc1 0-0 17. Qb3 N6d7 18. Qg3 Rd8 19. h4 Nf8 20. Nf3 Ng6 21. Bg5 f6 22. Bf4 Nxf4 23. Qxf4 Nd7 24. Qe4 fxe5 25. c5 Rf8 26. g3 Rad8 27. Kg2 Rf5 28. c6 Nf6 29. Qc4 Nd5 30. Kh3 b5 31. Qb3 Rdf8 32. Rhf1 Bd6 33. Nd2 Rf2 34. Rce1 Rxf1 35. Rxf1 Rxf1 36. Bxf1 Qxc6 37. Ne4 Be7 38. Qf3 Qe8 39. Nf2 Qf7 40. Qe2 Qf5+ 41. Kh2 Kf7 42. Bh3 Nc3 43. Qd2 Ne4 44. Nxe4 Qxe4 45. Qf2+ Ke8 46. Bxe6 Qg6 47. Bh3 Qd6 48. Qc2 g6 49. Qe4 Qd2+ 50. Bg2 Qd6 51. Qa8+ Kf7 52. Qh8 h5 1/2-1/2

[Event "Wuerttemberg-ch U14 Girls"]
[White "Dinger, Solveig"]
[Black "Zikeli, Julia"]
[Site "Friedrichshafen"]
[Round "4"]
[Result "1-0"]
[Date "2005.03.30"]
[WhiteElo "1366"]
[BlackElo "1564"]
[PlyCount "85"]
[EventDate "2005.03.29"]
[EventType "swiss"]
[EventRounds "7"]
[EventCountry "GER"]
[SourceTitle "EXT 2007"]
[Source "ChessBase"]
[SourceDate "2006.11.23"]
[SourceVersion "1"]
[SourceVersionDate "2006.11.23"]
[SourceQuality "1"]

1. e4 d6 2. Nf3 Nf6 3. Nc3 g6 4. d4 Bg7 5. Be3 c6 6. Be2 b5 7. 0-0 b4 8. Na4 Nxe4 9. a3 bxa3 10. Rxa3 Nd7 11. d5 c5 12. Bb5 Bb7 13. Qd3 Nef6 14. c4 0-0 15. Bxd7 Nxd7 16. Rfa1 Nb6 17. Nxb6 axb6 18. Rxa8 Bxa8 19. Ra2 e6 20. dxe6 fxe6 21. Ng5 Qe7 22. b3 d5 23. cxd5 exd5 24. Rxa8 Qe5 25. Rxf8+ Bxf8 26. g3 Bh6 27. Nf3 Qe4 28. Qxe4 dxe4 29. Bxh6 exf3 30. Kf1 Kf7 31. Ke1 Kf6 32. Be3 Ke5 33. Kd2 Kd5 34. Kc3 b5 35. h3 h5 36. h4 Kc6 37. b4 c4 38. Kd4 Kd6 39. Bf4+ Kc6 40. Be5 Kb6 41. Kd5 Kb7 42. Kc5 Ka6 43. Bd4 1-0

[Event "Wuerttemberg-ch U14 Girls"]
[White "Zikeli, Julia"]
[Black "Haecker, Katrin"]
[Site "Friedrichshafen"]
[Round "3"]
[Result "1/2-1/2"]
[Date "2005.03.30"]
[WhiteElo "1564"]
[BlackElo "1243"]
[PlyCount "66"]
[EventDate "2005.03.29"]
[EventType "swiss"]
[EventRounds "7"]
[EventCountry "GER"]
[SourceTitle "EXT 2007"]
[Source "ChessBase"]
[SourceDate "2006.11.23"]
[SourceVersion "1"]
[SourceVersionDate "2006.11.23"]
[SourceQuality "1"]

1. e4 e5 2. Nf3 Nc6 3. Bc4 Bc5 4. c3 Nf6 5. d3 h6 6. 0-0 0-0 7. Be3 Bb6 8. h3 d6 9. b4 Be6 10. Nbd2 Ne7 11. a4 c6 12. a5 Bc7 13. Qb3 d5 14. exd5 cxd5 15. Qc2 dxc4 16. Nxc4 Bxc4 17. dxc4 e4 18. Nd4 Nc6 19. Nb5 Re8 20. Rfd1 Qe7 21. Bc5 Qe5 22. Nxc7 Qxc7 23. Bd6 Qc8 24. c5 a6 25. Qb2 Ne5 26. Bxe5 Rxe5 27. c4 Qe6 28. Rd6 Qe7 29. Rb6 Re6 30. Rd1 Rc8 31. Rdd6 Rc6 32. Rbxc6 bxc6 33. Qd4 Qb7 1/2-1/2

[Event "Wuerttemberg-ch U14 Girls"]
[White "Glatting, Lisa"]
[Black "Zikeli, Julia"]
[Site "Friedrichshafen"]
[Round "2"]
[Result "1-0"]
[Date "2005.03.29"]
[WhiteElo "1326"]
[BlackElo "1564"]
[PlyCount "59"]
[EventDate "2005.03.29"]
[EventType "swiss"]
[EventRounds "7"]
[EventCountry "GER"]
[SourceTitle "EXT 2007"]
[Source "ChessBase"]
[SourceDate "2006.11.23"]
[SourceVersion "1"]
[SourceVersionDate "2006.11.23"]
[SourceQuality "1"]

1. e4 d6 2. d4 Nf6 3. Nc3 g6 4. Be3 Bg7 5. Nf3 c5 6. e5 Ng4 7. exd6 Nxe3 8. fxe3 Qxd6 9. Qd2 Bg4 10. Be2 Nc6 11. Ne4 Qc7 12. Nxc5 Rd8 13. c3 Bh6 14. Nb3 Bxf3 15. Bxf3 Ne5 16. Qe2 Nc4 17. e4 Ne3 18. e5 a5 19. Kf2 0-0 20. Qb5 b6 21. Qd3 Nc4 22. Rab1 Nxe5 23. Qe2 Nc4 24. Rhe1 Be3+ 25. Kf1 Qxh2 26. Qxc4 Qg1+ 27. Ke2 Qf2+ 28. Kd1 Bg5 29. Re2 Qf1+ 30. Kc2 1-0

[Event "GER-ch U25 op"]
[White "Zikeli, Julia"]
[Black "Falke, Isaak"]
[Site "Willingen"]
[Round "8"]
[Result "0-1"]
[Date "2004.06.03"]
[WhiteElo "1534"]
[BlackElo "1721"]
[PlyCount "110"]
[EventDate "2004.05.30"]
[EventType "swiss"]
[EventRounds "9"]
[EventCountry "GER"]
[SourceTitle "EXT 2005"]
[Source "ChessBase"]
[SourceDate "2004.11.15"]
[SourceVersion "1"]
[SourceVersionDate "2004.11.15"]
[SourceQuality "1"]

1. e4 e5 2. Nf3 Nc6 3. Bc4 Bc5 4. c3 Nf6 5. d4 exd4 6. cxd4 Bb4+ 7. Nc3 Nxe4 8. 0-0 Bxc3 9. d5 Bf6 10. Re1 Ne7 11. Rxe4 d6 12. Bg5 Bxg5 13. Nxg5 h6 14. Qe2 hxg5 15. Re1 Be6 16. dxe6 f6 17. Re3 d5 18. Rh3 Rxh3 19. gxh3 g6 20. Bd3 Qd6 21. Qc2 f5 22. Qd2 Qf4 23. Qxf4 gxf4 24. Kg2 0-0-0 25. Kf3 Rh8 26. Kxf4 Rxh3 27. Bc2 Rxh2 28. Kg3 Rh8 29. Kf4 c6 30. Kg5 Kc7 31. Kf6 Kd6 32. Kg7 Rh2 33. Re2 c5 34. b3 b5 35. Kf6 d4 36. Bd3 b4 37. Bc4 Rh4 38. f3 a5 39. Bb5 Rh1 40. Be8 Rf1 41. Bxg6 Rxf3 42. Bf7 a4 43. bxa4 Ra3 44. Bg6 Rxa4 45. Bxf5 Nxf5 46. Kxf5 Ra7 47. Kf6 Re7 48. Re5 d3 49. Rd5+ Kxd5 50. Kxe7 d2 51. Kf7 d1Q 52. e7 Qh5+ 53. Kf8 Qf5+ 54. Kg7 Qe6 55. Kf8 Qf6+ 0-1

[Event "GER-ch U25 op"]
[White "Billing, Christian"]
[Black "Zikeli, Julia"]
[Site "Willingen"]
[Round "5"]
[Result "1-0"]
[Date "2004.06.01"]
[WhiteElo "1915"]
[BlackElo "1534"]
[PlyCount "53"]
[EventDate "2004.05.30"]
[EventType "swiss"]
[EventRounds "9"]
[EventCountry "GER"]
[SourceTitle "EXT 2005"]
[Source "ChessBase"]
[SourceDate "2004.11.15"]
[SourceVersion "1"]
[SourceVersionDate "2004.11.15"]
[SourceQuality "1"]

1. e4 e6 2. d3 d5 3. Nd2 c5 4. g3 Nc6 5. Bg2 Be7 6. Ngf3 d4 7. 0-0 e5 8. Nc4 Qc7 9. a4 Nf6 10. Nh4 Be6 11. Na3 a6 12. f4 exf4 13. Bxf4 Bd6 14. Nf5 Bxf5 15. Bxd6 Qxd6 16. Rxf5 Ne5 17. h3 0-0-0 18. Qf1 Rhe8 19. b3 Re6 20. Nc4 Nxc4 21. bxc4 Re5 22. Rb1 a5 23. Rb5 Rxf5 24. Qxf5+ Qd7 25. Qxc5+ Qc6 26. Qa7 Qc7 27. Rc5 1-0

[Event "GER-ch U25 op"]
[White "Zikeli, Julia"]
[Black "Schaefer, Simon"]
[Site "Willingen"]
[Round "4"]
[Result "1-0"]
[Date "2004.05.31"]
[WhiteElo "1534"]
[BlackElo "1255"]
[PlyCount "147"]
[EventDate "2004.05.30"]
[EventType "swiss"]
[EventRounds "9"]
[EventCountry "GER"]
[SourceTitle "EXT 2005"]
[Source "ChessBase"]
[SourceDate "2004.11.15"]
[SourceVersion "1"]
[SourceVersionDate "2004.11.15"]
[SourceQuality "1"]

1. e4 c5 2. Nf3 d6 3. d4 cxd4 4. Nxd4 Nf6 5. Nc3 Nc6 6. Bc4 Bd7 7. f3 e6 8. Bg5 Be7 9. Ndb5 Qb8 10. Qd2 a6 11. Nd4 b5 12. Bb3 Qc7 13. 0-0-0 Rd8 14. Ndxb5 axb5 15. Nxb5 Qb8 16. Nxd6+ Qxd6 17. Qxd6 Bxd6 18. Rxd6 0-0 19. Ba4 Be8 20. e5 Rxd6 21. exd6 h6 22. Be3 Nd5 23. Bc5 Bd7 24. Rd1 Ra8 25. Bb3 Nf6 26. c4 Na5 27. Kc2 Nxb3 28. axb3 Rc8 29. Ba3 Ne8 30. c5 f5 31. Kc3 Kf7 32. b4 Nf6 33. Kc4 Nd5 34. Rd3 Ke8 35. b5 Nb6+ 36. Kd4 Bxb5 37. Rb3 e5+ 38. Kxe5 Nc4+ 39. Kd5 Nxa3 40. Rxa3 Bc6+ 41. Kd4 Ra8 42. Rxa8+ Bxa8 43. b4 Bc6 44. Kc4 Kd7 45. b5 Ba8 46. Kd4 Ke6 47. h3 g5 48. d7 Kxd7 49. Ke5 f4 50. Kf6 Bd5 51. Kg6 Be6 52. Kxh6 g4 53. hxg4 Ke7 54. Kg5 Bc4 55. b6 Bd5 56. Kxf4 Kf6 57. g5+ Ke6 58. g6 Kf6 59. g7 Kxg7 60. Ke5 Bb7 61. Kd6 Kf7 62. c6 Bxc6 63. Kxc6 Ke6 64. b7 Kf5 65. b8Q Kg5 66. Qe5+ Kg6 67. Kd6 Kf7 68. Qe6+ Kf8 69. f4 Kg7 70. f5 Kf8 71. Qf6+ Kg8 72. Qe7 Kh8 73. f6 Kg8 74. Qg7# 1-0

[Event "GER-ch U25 op"]
[White "Rafiee, Makan"]
[Black "Zikeli, Julia"]
[Site "Willingen"]
[Round "1"]
[Result "0-1"]
[Date "2004.05.30"]
[WhiteElo "2028"]
[BlackElo "1534"]
[PlyCount "116"]
[EventDate "2004.05.30"]
[EventType "swiss"]
[EventRounds "9"]
[EventCountry "GER"]
[SourceTitle "EXT 2005"]
[Source "ChessBase"]
[SourceDate "2004.11.15"]
[SourceVersion "1"]
[SourceVersionDate "2004.11.15"]
[SourceQuality "1"]

1. e4 e6 2. d4 d5 3. Nd2 c5 4. exd5 Qxd5 5. Ngf3 cxd4 6. Bc4 Qd8 7. 0-0 Nc6 8. Nb3 Nf6 9. Nfxd4 Nxd4 10. Qxd4 Qxd4 11. Nxd4 Bc5 12. Nb5 Bb6 13. Bf4 a6 14. Nc7+ Bxc7 15. Bxc7 Bd7 16. Bd6 Rc8 17. Bb3 Rc6 18. Bb4 Ne4 19. Rfe1 Nc5 20. Bd5 Rd6 21. Rad1 b6 22. Bf3 Rxd1 23. Rxd1 a5 24. Bc3 0-0 25. Rd6 Rb8 26. a3 Bb5 27. b4 Na4 28. Bd4 axb4 29. axb4 Kf8 30. Bc6 Bxc6 31. Rxc6 Rd8 32. c3 Nxc3 33. Rxc3 Rxd4 34. Kf1 Rxb4 35. Rc8+ Ke7 36. Rc7+ Kf6 37. f3 Rb2 38. Rb7 b5 39. h3 b4 40. Kg1 b3 41. Kh2 Rb1 42. Kg3 b2 43. Kf4 g5+ 44. Kg3 h5 45. Rb5 e5 46. Kh2 Kf5 47. Rb6 g4 48. Rb4 gxh3 49. gxh3 h4 50. Kg2 Kg5 51. Kh2 f5 52. f4+ exf4 53. Rb6 f3 54. Rg6+ Kf4 55. Rb6 f2 56. Rb4+ Kg5 57. Rb6 f1Q 58. Rg6+ Kf4 0-1